[Event "Voronezh op-B 22nd"]
[Site "Voronezh"]
[Date "2018.06.17"]
[Round "6"]
[White "Vorobiov, Nikolai"]
[Black "Yudin, Sergei"]
[Result "0-1"]
[WhiteElo "1873"]
[BlackElo "1699"]
[PlyCount "64"]
[EventDate "2018.06.12"]
[EventType "swiss"]
[EventRounds "9"]
[EventCountry "RUS"]
[SourceTitle "CBM 185 Extra"]
[Source "ChessBase"]
[SourceDate "2018.07.29"]
[SourceVersion "1"]
[SourceVersionDate "2018.07.29"]
[SourceQuality "1"]

1. d4 e6 2. g3 d5 3. Nf3 c5 4. Bg2 Nf6 5. c3 Be7 6. a4 Nbd7 7. Bf4 0-0 8. 0-0 b6 9. Ne5 Bb7 10. Nd2 Nxe5 11. dxe5 Nd7 12. h4 f6 13. exf6 Bxf6 14. Nf3 e5 15. Bg5 e4 16. Bxf6 Qxf6 17. Ng5 Ne5 18. Nh3 Rad8 19. Qb3 Kh8 20. a5 Qg6 21. axb6 axb6 22. Ra7 Bc8 23. Re7 Nf3+ 24. exf3 exf3 25. Ng5 fxg2 26. Rfe1 h6 27. Ne6 Bxe6 28. R7xe6 Qf5 29. Kxg2 Qxf2+ 30. Kh3 Rf3 31. Re8+ Rxe8 32. Rxe8+ Kh7 0-1

[Event "Khanty-Mansiysk Governor Cup-B 9th"]
[Site "Khanty-Mansiysk"]
[Date "2013.12.02"]
[Round "5"]
[White "Vorobiov, Nikolai"]
[Black "Khalturina, Tatiana"]
[Result "1-0"]
[WhiteElo "1994"]
[BlackElo "1823"]
[PlyCount "45"]
[EventDate "2013.11.28"]
[EventType "swiss"]
[EventRounds "9"]
[EventCountry "RUS"]
[SourceTitle "CBM 157 Extra"]
[Source "ChessBase"]
[SourceDate "2013.12.19"]
[SourceVersion "1"]
[SourceVersionDate "2013.12.19"]
[SourceQuality "1"]

1. b3 b6 2. Bb2 Bb7 3. e3 e6 4. Qg4 Nf6 5. Qg3 d6 6. Bd3 Nbd7 7. f4 a6 8. c4 Ne4 9. Qh3 e5 10. Ne2 Ndc5 11. Bc2 Qd7 12. Qxd7+ Nxd7 13. 0-0 f6 14. b4 Be7 15. d3 exf4 16. dxe4 fxe3 17. Nbc3 Ne5 18. Nd5 Bxd5 19. cxd5 0-0 20. Bd4 c5 21. dxc6 Nxc6 22. Bb3+ Kh8 23. Bxe3 1-0

[Event "Khanty-Mansiysk Governor Cup-B 9th"]
[Site "Khanty-Mansiysk"]
[Date "2013.11.30"]
[Round "3"]
[White "Vorobiov, Nikolai"]
[Black "Chursin, Aleksandr"]
[Result "1-0"]
[WhiteElo "1994"]
[BlackElo "1670"]
[PlyCount "31"]
[EventDate "2013.11.28"]
[EventType "swiss"]
[EventRounds "9"]
[EventCountry "RUS"]
[SourceTitle "CBM 157 Extra"]
[Source "ChessBase"]
[SourceDate "2013.12.19"]
[SourceVersion "1"]
[SourceVersionDate "2013.12.19"]
[SourceQuality "1"]

1. b3 d5 2. e3 c5 3. Bb2 Bf5 4. f4 d4 5. Qf3 dxe3 6. Qxb7 exd2+ 7. Nxd2 Nd7 8. 0-0-0 Qc8 9. Qxc8+ Rxc8 10. Bb5 Ngf6 11. h3 h5 12. Ngf3 Nd5 13. Rhe1 Nb4 14. Ne4 Nxa2+ 15. Kb1 Nb4 16. Nd6+ 1-0

[Event "Khanty-Mansiysk Governor Cup-B 8th"]
[Site "Khanty-Mansiysk"]
[Date "2012.11.21"]
[Round "7"]
[White "Vorobiov, Nikolai"]
[Black "Rivonenko, Vladislav"]
[Result "0-1"]
[WhiteElo "1991"]
[BlackElo "2053"]
[PlyCount "88"]
[EventDate "2012.11.15"]
[EventType "swiss"]
[EventRounds "9"]
[EventCountry "RUS"]
[SourceTitle "CBM 151 Extra"]
[Source "ChessBase"]
[SourceDate "2012.12.18"]
[SourceVersion "1"]
[SourceVersionDate "2012.12.18"]
[SourceQuality "1"]

1. b3 e5 2. Bb2 d6 3. e3 Be6 4. Nc3 g6 5. f4 Bg7 6. fxe5 dxe5 7. Qf3 Nc6 8. Bb5 Nge7 9. Nge2 0-0 10. Ba3 Re8 11. 0-0 Nd5 12. e4 Nxc3 13. Qxc3 Nd4 14. Nxd4 exd4 15. Qf3 c6 16. Bc4 Bxc4 17. bxc4 Qa5 18. Rab1 Qc7 19. d3 Be5 20. g3 Rab8 21. Bc1 f6 22. Bd2 b5 23. c5 Qe7 24. Bf4 Rf8 25. Bd2 Qe6 26. Rb2 Ra8 27. a3 a5 28. g4 Qe7 29. Bh6 Rf7 30. g5 Qxc5 31. gxf6 Rxf6 32. Qh3 Rxf1+ 33. Kxf1 Qe7 34. Kg2 Bg7 35. Bd2 Rf8 36. Rb1 Qf7 37. Bxa5 Qf2+ 38. Kh1 Qxc2 39. Rg1 c5 40. e5 Qe2 41. Bc7 Qf3+ 42. Qxf3 Rxf3 43. Rc1 Rxd3 44. Rxc5 Rc3 0-1

[Event "Khanty-Mansiysk Governor Cup-B 8th"]
[Site "Khanty-Mansiysk"]
[Date "2012.11.16"]
[Round "2"]
[White "Vorobiov, Nikolai"]
[Black "Niyazova, Viktoria"]
[Result "1-0"]
[WhiteElo "1991"]
[BlackElo "1662"]
[PlyCount "65"]
[EventDate "2012.11.15"]
[EventType "swiss"]
[EventRounds "9"]
[EventCountry "RUS"]
[SourceTitle "CBM 151 Extra"]
[Source "ChessBase"]
[SourceDate "2012.12.18"]
[SourceVersion "1"]
[SourceVersionDate "2012.12.18"]
[SourceQuality "1"]

1. b3 Nf6 2. Bb2 g6 3. e3 Bg7 4. f4 b6 5. Nf3 Bb7 6. Bd3 Nc6 7. 0-0 0-0 8. a3 d5 9. c4 Re8 10. cxd5 Nxd5 11. Bxg7 Kxg7 12. Bc4 Qd7 13. b4 Rad8 14. Qb3 e6 15. Nc3 Nxc3 16. Qxc3+ Kg8 17. Rac1 Ne7 18. d4 Nf5 19. Qd3 Nd6 20. Ba6 Qc8 21. Bxb7 Qxb7 22. Ne5 Rc8 23. Rf2 f6 24. Nc6 Nf7 25. Qb3 Nd8 26. Rfc2 Nxc6 27. Rxc6 Kf7 28. d5 exd5 29. Qxd5+ Kg7 30. Qd7+ Kh6 31. Rxc7 Rxc7 32. Rxc7 Qxc7 33. Qxc7 1-0

[Event "Khanty-Mansiysk Governor Cup 7th"]
[Site "Khanty-Mansiysk"]
[Date "2011.09.01"]
[Round "2"]
[White "Pavlova, Nataliy"]
[Black "Vorobiov, Nikolai"]
[Result "0-1"]
[WhiteElo "1569"]
[BlackElo "2002"]
[PlyCount "146"]
[EventDate "2011.08.31"]
[EventType "swiss"]
[EventRounds "9"]
[EventCountry "RUS"]
[SourceTitle "CBM 144 Extra"]
[Source "ChessBase"]
[SourceDate "2011.10.28"]
[SourceVersion "1"]
[SourceVersionDate "2011.10.28"]
[SourceQuality "1"]

1. e4 d5 2. exd5 Nf6 3. Nf3 Nxd5 4. d4 c6 5. c4 Nb6 6. c5 Nd5 7. Nc3 Bg4 8. Bc4 e6 9. a3 Nd7 10. 0-0 Be7 11. Re1 0-0 12. Ne4 N7f6 13. Qd3 Bf5 14. Nxf6+ Bxf6 15. Qb3 Qc7 16. Bxd5 cxd5 17. Ne5 b6 18. Bf4 bxc5 19. Ng6 Qb6 20. Qxb6 axb6 21. Nxf8 Rxf8 22. Be5 Be7 23. Rad1 c4 24. Bf4 b5 25. Bd2 Ra8 26. Ra1 h6 27. f4 Bf6 28. Bc3 g5 29. fxg5 Bxg5 30. Kf2 Kg7 31. g3 h5 32. h4 Bh6 33. Ra2 Bc2 34. Re2 Bd3 35. Re1 Kg6 36. Raa1 Be4 37. Ke2 Ra4 38. Rg1 Bf5 39. Rae1 Bg4+ 40. Kf2 Bf5 41. Ke2 Ra8 42. Bd2 Bg7 43. Bc3 f6 44. Kf2 Re8 45. Rd1 Bg4 46. Rde1 e5 47. Re3 Bh6 48. Ree1 e4 49. Kg2 Rf8 50. Rgf1 f5 51. Ra1 f4 52. gxf4 Bxf4 53. a4 bxa4 54. Rxa4 Bf3+ 55. Kh3 Kf5 56. Ra5 Bg4+ 57. Kg2 Rd8 58. Ra7 Bf3+ 59. Kf2 Bd6 60. Rg1 Bg4 61. Ra5 Be7 62. Rh1 Bf3 63. Rh2 Kg4 64. Ra7 Bxh4+ 65. Ke3 Bg5+ 66. Kf2 e3+ 67. Ke1 Bh4+ 68. Rxh4+ Kxh4 69. Re7 e2 70. Kf2 Bg4 71. Re5 Rf8+ 72. Kg2 Rf1 73. Bd2 Bf3+ 0-1

[Event "Sterlitamak op"]
[Site "Sterlitamak"]
[Date "2011.06.28"]
[Round "2"]
[White "Vorobiov, Nikolai"]
[Black "Zhitnikov, Sergey"]
[Result "0-1"]
[WhiteElo "2044"]
[BlackElo "2311"]
[PlyCount "113"]
[EventDate "2011.06.27"]
[EventType "swiss"]
[EventRounds "9"]
[EventCountry "RUS"]
[SourceTitle "EXT 2012"]
[Source "ChessBase"]
[SourceDate "2011.11.24"]
[SourceVersion "1"]
[SourceVersionDate "2011.11.24"]
[SourceQuality "1"]

1. d4 Nf6 2. Nf3 g6 3. c4 Bg7 4. Nc3 0-0 5. e4 d6 6. Be2 Nc6 7. h3 e5 8. d5 Ne7 9. Be3 Ne8 10. Nh2 f5 11. f3 Bf6 12. 0-0 Bh4 13. Qc2 f4 14. Bf2 Bxf2+ 15. Rxf2 g5 16. b4 a5 17. Rb1 axb4 18. Rxb4 h5 19. a4 Nf6 20. Rf1 Rf7 21. Ra1 Rg7 22. Qd1 Kh8 23. Qe1 Neg8 24. g4 fxg3 25. Qxg3 Ne7 26. Rb2 Ng6 27. Kh1 Nf4 28. Bf1 b6 29. Nd1 h4 30. Qe1 Nxh3 31. Bxh3 Bxh3 32. Nf2 Bd7 33. a5 bxa5 34. Rxa5 Rxa5 35. Qxa5 g4 36. fxg4 Nxg4 37. Nfxg4 Bxg4 38. Qa7 Qg5 39. Qf2 Bh5 40. Rb1 Bg6 41. Re1 Rf7 42. Qg2 Qxg2+ 43. Kxg2 Rf4 44. Nf1 Bxe4+ 45. Kh3 Bf5+ 46. Kh2 Rxc4 47. Ne3 Re4 48. Kg2 Bd7 49. Kf3 Rf4+ 50. Kg2 c6 51. dxc6 Bxc6+ 52. Kh2 Re4 53. Ng2 Rxe1 54. Nxe1 Be4 55. Kh3 Kg7 56. Kxh4 Kf6 57. Kg4 0-1

[Event "RUS-ch Seniors"]
[Site "Odintsovo"]
[Date "2011.04.21"]
[Round "3"]
[White "Vorobiov, Nikolai"]
[Black "Degtiarev, Viktor"]
[Result "0-1"]
[WhiteElo "2023"]
[BlackElo "1913"]
[PlyCount "124"]
[EventDate "2011.04.19"]
[EventType "swiss"]
[EventRounds "9"]
[EventCountry "RUS"]
[SourceTitle "CBM 142 Extra"]
[Source "ChessBase"]
[SourceDate "2011.06.27"]
[SourceVersion "1"]
[SourceVersionDate "2011.06.27"]
[SourceQuality "1"]

1. d4 c5 2. d5 d6 3. e4 Nf6 4. Nc3 g6 5. Bd3 a6 6. a4 Bg7 7. Bd2 0-0 8. f4 Nbd7 9. Nf3 Qc7 10. a5 Re8 11. 0-0 c4 12. Be2 b5 13. axb6 Nxb6 14. h3 e6 15. dxe6 Bxe6 16. Kh2 Bc8 17. e5 dxe5 18. Nxe5 Bb7 19. Bf3 Rad8 20. Bxb7 Qxb7 21. Qc1 Nfd5 22. Nxd5 Qxd5 23. Bc3 Qb7 24. Rd1 Nd5 25. Bd4 Qc8 26. c3 h5 27. g3 f6 28. Qc2 fxe5 29. fxe5 Re6 30. Ra5 Rc6 31. Qe4 Ne7 32. Rf1 Nf5 33. g4 hxg4 34. hxg4 Nxd4 35. cxd4 c3 36. bxc3 Rxc3 37. Rf2 Qe6 38. Ra4 Rc1 39. Rfa2 Rc6 40. Re2 Rb6 41. Ra3 Qd5 42. Rd3 Qxe4 43. Rxe4 Rd5 44. Kg2 Kf8 45. Kf3 Ke7 46. Re2 a5 47. Re4 Ke6 48. Rc3 Rdb5 49. Rc8 Rb7 50. Re8+ Re7 51. Rd8 Rf7+ 52. Kg3 g5 53. Rd6+ Ke7 54. Rg6 Rb3+ 55. Kg2 Kf8 56. Rxg5 Rc7 57. Rf5+ Ke8 58. d5 Rc2+ 59. Rf2 Rxf2+ 60. Kxf2 Rb4 61. Re2 Rxg4 62. e6 Rd4 0-1

[Event "Irkutsk Ermolaev Memorial 3rd"]
[Site "Irkutsk"]
[Date "2009.07.11"]
[Round "8"]
[White "Vorobiov, Nikolai"]
[Black "Shigorov, Vitaly"]
[Result "1-0"]
[WhiteElo "2017"]
[BlackElo "1929"]
[PlyCount "87"]
[EventDate "2009.07.04"]
[EventType "swiss"]
[EventRounds "9"]
[EventCountry "RUS"]
[SourceTitle "EXT 2012"]
[Source "ChessBase"]
[SourceDate "2011.11.24"]
[SourceVersion "1"]
[SourceVersionDate "2011.11.24"]
[SourceQuality "1"]

1. Nf3 Nf6 2. c4 g6 3. b3 Bg7 4. Bb2 0-0 5. d3 d6 6. g3 e5 7. Bg2 c6 8. 0-0 Na6 9. Nbd2 Nc7 10. Re1 Rb8 11. Qc2 c5 12. Ng5 Nfe8 13. Nge4 b6 14. e3 Bb7 15. Rad1 f5 16. Nc3 Bxg2 17. Kxg2 Nf6 18. f4 Qe7 19. Nf3 Qd7 20. fxe5 Ng4 21. exd6 Qxd6 22. d4 Bh6 23. Bc1 Rbe8 24. Qd3 Qc6 25. d5 Qd6 26. Re2 Nf6 27. e4 fxe4 28. Nxe4 Rxe4 29. Rxe4 Nxe4 30. Bxh6 Re8 31. Re1 Nf6 32. Bf4 Qd8 33. Rxe8+ Ncxe8 34. Qe2 Qd7 35. Ng5 Ng7 36. h3 h6 37. Nf3 g5 38. Be5 Nfe8 39. g4 a6 40. Qd3 h5 41. Nxg5 hxg4 42. Qh7+ Kf8 43. Bxg7+ Nxg7 44. Qh8+ 1-0

[Event "Irkutsk Ermolaev Memorial 3rd"]
[Site "Irkutsk"]
[Date "2009.07.04"]
[Round "1"]
[White "Nevsky, Igor"]
[Black "Vorobiov, Nikolai"]
[Result "0-1"]
[WhiteElo "1963"]
[BlackElo "2017"]
[PlyCount "98"]
[EventDate "2009.07.04"]
[EventType "swiss"]
[EventRounds "9"]
[EventCountry "RUS"]
[SourceTitle "EXT 2012"]
[Source "ChessBase"]
[SourceDate "2011.11.24"]
[SourceVersion "1"]
[SourceVersionDate "2011.11.24"]
[SourceQuality "1"]

1. e4 Nf6 2. e5 Nd5 3. c4 Nb6 4. d4 d6 5. f4 dxe5 6. fxe5 Nc6 7. Be3 Bf5 8. Nc3 e6 9. Nf3 Be7 10. d5 exd5 11. cxd5 Nb4 12. Nd4 Bg6 13. Bb5+ Kf8 14. 0-0 Kg8 15. d6 cxd6 16. e6 f6 17. Qf3 a6 18. Be2 d5 19. Rfd1 Rc8 20. Rac1 Nc6 21. Nf5 Ne5 22. Nxe7+ Qxe7 23. Qf2 Nbc4 24. Nxd5 Qxe6 25. b3 Nd6 26. Rxc8+ Nxc8 27. Bc5 Kf7 28. Nc7 Qc6 29. Nd5 Rd8 30. Nf4 Rxd1+ 31. Bxd1 Ne7 32. b4 b5 33. Bb3+ Nc4 34. Qe2 Qe4 35. Qxe4 Bxe4 36. Bxe7 Kxe7 37. Bxc4 bxc4 38. Kf2 g5 39. Ne2 Kd6 40. Nc3 Ke5 41. a4 Kd4 42. Nxe4 Kxe4 43. b5 axb5 44. axb5 Kd5 45. b6 Kc6 46. Ke2 Kxb6 47. Kd2 Kb5 48. Kc3 Kc5 49. g3 g4 0-1

[Event "Sterlitamak op"]
[Site "Sterlitamak"]
[Date "2008.07.01"]
[Round "6"]
[White "Ivanov, Evgeny1111"]
[Black "Vorobiov, Nikolai"]
[Result "0-1"]
[WhiteElo "2042"]
[BlackElo "2049"]
[PlyCount "110"]
[EventDate "2008.06.26"]
[EventType "swiss"]
[EventRounds "9"]
[EventCountry "RUS"]
[SourceTitle "EXT 2009"]
[Source "ChessBase"]
[SourceDate "2008.11.26"]
[SourceVersion "1"]
[SourceVersionDate "2008.11.26"]
[SourceQuality "1"]

1. e4 d5 2. exd5 Nf6 3. Nc3 Nxd5 4. Nxd5 Qxd5 5. Nf3 Bg4 6. Be2 Nc6 7. d4 0-0-0 8. c3 f6 9. Be3 g5 10. b4 e5 11. dxe5 Bxf3 12. Bxf3 Qxe5 13. Qc1 Rd3 14. 0-0 Bd6 15. g3 Rxc3 16. Qd1 Rd8 17. Qa4 a6 18. Rac1 Rxc1 19. Rxc1 Nxb4 20. Rb1 Qf5 21. Qb3 Qxf3 22. a3 a5 23. axb4 Bxb4 24. Rc1 Qd5 25. Qc2 Rd7 26. Qe2 b5 27. Qb2 Rd6 28. Qc2 Rd7 29. Bb6 Qb7 30. Be3 Bd6 31. Qa2 a4 32. Qg8+ Rd8 33. Qe6+ Kb8 34. Qxf6 Rc8 35. Qxg5 a3 36. Bc5 b4 37. Bxd6 cxd6 38. Rxc8+ Kxc8 39. Qg8+ Kc7 40. Qc4+ Kb8 41. Qg8+ Ka7 42. Qb3 Qb6 43. Qa4+ Kb8 44. Qe8+ Kc7 45. Qf7+ Kc6 46. Qc4+ Qc5 47. Qa6+ Kd5 48. Qd3+ Qd4 49. Qb5+ Qc5 50. Qd3+ Kc6 51. Qa6+ Kc7 52. Qe2 b3 53. Qe7+ Kb6 54. Qd8+ Qc7 55. Qh4 Kb5 0-1